000 00235nam a2200097Ia 4500
001 1205853
005 20251009141919.0
008 250824s9999 xx 000 0 und d
245 0 _aFÜREYA
_cAYŞE KULİN
260 _bEVEREST YAYINLARI
999 _c1205853
_d1205853